| 000 | 00429cam a22001337a 4500 | ||
|---|---|---|---|
| 008 | 180718b1962 xxu||||| |||| 00| 0 eng d | ||
| 082 | _aA99 B681 | ||
| 100 | _aBowle, Chester | ||
| 245 |
_aConscience of a liberal: selected writings and speeches _cby Chester Bowls and edited by Henry Steele Commager |
||
| 260 |
_aNew York _bHarper _c1962 |
||
| 300 | _a351p. | ||
| 650 | _aBowles, Chester, 1901 | ||
| 700 | _aCommager, Henry Steele | ||
| 999 |
_c360930 _d360930 |
||